ՀՀ Գիտությունների ազգային ակադեմիայի հիմնարար գիտական գրադարան  =   Fundamental Scientific Library of NAS RA

Կարապետ եպիսկոպոս Տէր-Մկրտչեան : (Record no. 216368)

MARC details
000 -LEADER
fixed length control field 00947nam a2200229 u 4500
001 - CONTROL NUMBER
control field 000557686
003 - CONTROL NUMBER IDENTIFIER
control field AM-YeHGA
005 - DATE AND TIME OF LATEST TRANSACTION
control field 20250618073209.0
008 - FIXED-LENGTH DATA ELEMENTS--GENERAL INFORMATION
fixed length control field 071116s1911 ru r 000 0 arm d
040 ## - CATALOGING SOURCE
Original cataloging agency AM-YeHGA
041 0# - LANGUAGE CODE
Language code of text/sound track or separate title arm
090 ## - LOCALLY ASSIGNED LC-TYPE CALL NUMBER (OCLC); LOCAL CALL NUMBER (RLIN)
-- 217891
100 1# - MAIN ENTRY--PERSONAL NAME
Personal name Տեր-Մինասյան, Երվանդ Գալուստի,
Dates associated with a name 1879-1974
9 (RLIN) 2833
245 10 - TITLE STATEMENT
Title Կարապետ եպիսկոպոս Տէր-Մկրտչեան :
Remainder of title Կեանքն ու գործունէութիւնը : Կաթողիկոսական ընտրութիւնների առթիւ /
Statement of responsibility, etc. Երուանդ Տէր-Մինասեանց.
260 ## - PUBLICATION, DISTRIBUTION, ETC.
Place of publication, distribution, etc. Մոսկուա :
Name of publisher, distributor, etc. Բժ. Ս. Շահ-Նազարեանցի,
Date of publication, distribution, etc. 1911.
300 ## - PHYSICAL DESCRIPTION
Extent 101 էջ
440 #0 - SERIES STATEMENT/ADDED ENTRY--TITLE
Title Բժ. Ս. Շահ-Նազարեանցի
Volume/sequential designation № 5
600 14 - SUBJECT ADDED ENTRY--PERSONAL NAME
Personal name Տէր-Մկրտչեան, Կարապետ,
Titles and other words associated with a name Եպիսկոպոս
650 14 - SUBJECT ADDED ENTRY--TOPICAL TERM
Topical term or geographic name entry element Հայոց եկեղեցի
653 0# - INDEX TERM--UNCONTROLLED
Uncontrolled term Հայ եկեղեցու գործիչներ
942 ## - ADDED ENTRY ELEMENTS (KOHA)
Source of classification or shelving scheme Universal Decimal Classification
Koha item type Գրքեր / Books
Holdings
Withdrawn status Lost status Source of classification or shelving scheme Damaged status Not for loan Collection Home library Current library Date acquired Total checkouts Full call number Barcode Date last seen Price effective from Koha item type Public note
    Universal Decimal Classification     Agulian Individual Collection Fundamental Scientific Library Fundamental Scientific Library 28/12/2016   Agul/498 FL0080434 28/12/2016 28/12/2016 Գրքեր / Books ILL Non-Circ.
          General Fundamental Scientific Library Fundamental Scientific Library 28/12/2016   AII/5714 FL0022965 28/12/2016 28/12/2016 Գրքեր / Books 30 Days Loan
          General Fundamental Scientific Library Fundamental Scientific Library 28/12/2016   AII/5715 FL0022966 28/12/2016 28/12/2016 Գրքեր / Books 30 Days Loan
          General Fundamental Scientific Library Fundamental Scientific Library 28/12/2016   AII/5727 FL0022441 28/12/2016 28/12/2016 Գրքեր / Books 30 Days Loan
          General Fundamental Scientific Library Fundamental Scientific Library 28/12/2016   AII/1891 FL0028718 28/12/2016 28/12/2016 Գրքեր / Books 30 Days Loan
    Universal Decimal Classification     Levonyan Individual Collection Fundamental Scientific Library Fundamental Scientific Library 28/12/2016   Լեվ/1082 FL0393539 28/12/2016 28/12/2016 Գրքեր / Books ILL Non-Circ.


ՀՀ ԳԱԱ հիմնարար գիտական գրադարան
ՀՀ,Երևան 0019
Մարշալ Բաղրամյան 24/6
հեռախոս:(374-10) 52-47-50
Հետադարձ կապ

All site content, except where otherwise noted, is licensed under a
Creative Commons License